000 00664cab a22001935a 4500
001 L149958
008 100519s20100501xxk f g 000 0 eng d
035 _a(Sirsi) u149958
041 0 _aeng
100 1 _aVara, Beverley
245 0 0 _aBe careful, but also be realistic
260 _c2010
490 _aEstates Gazette
_v(1017) 1 May 2010, 91(1)
520 _aTwo common areas for disputes between landlords and tenants; service charges and dilapidations. Advises parties to be well prepared and instruct a relevant professional at an early stage.
590 _aKA
651 4 _aEngland and Wales
_y1543-
690 _aLandlord and tenant
_96252
942 _n0
999 _c82349
_d82349